| 000 -LEADER |
| fixed length control field |
02237cam a2200337 a 4500 |
| 001 - CONTROL NUMBER |
| control field |
15574254 |
| 003 - CONTROL NUMBER IDENTIFIER |
| control field |
Nust |
| 005 - DATE AND TIME OF LATEST TRANSACTION |
| control field |
20170424144443.0 |
| 008 - FIXED-LENGTH DATA ELEMENTS--GENERAL INFORMATION |
| fixed length control field |
090105s2008 nyu 000 j eng d |
| 010 ## - LIBRARY OF CONGRESS CONTROL NUMBER |
| LC control number |
2008276046 |
| 020 ## - INTERNATIONAL STANDARD BOOK NUMBER |
| International Standard Book Number |
9780307269881 |
| 020 ## - INTERNATIONAL STANDARD BOOK NUMBER |
| International Standard Book Number |
0307269884 |
| 035 ## - SYSTEM CONTROL NUMBER |
| System control number |
(OCoLC)ocn216941657 |
| 040 ## - CATALOGING SOURCE |
| Original cataloging agency |
BTCTA |
| Transcribing agency |
BTCTA |
| Modifying agency |
BAKER |
| -- |
YDXCP |
| -- |
GP5 |
| -- |
BWX |
| -- |
CDX |
| -- |
TXH |
| -- |
UOH |
| -- |
DLC |
| 042 ## - AUTHENTICATION CODE |
| Authentication code |
lccopycat |
| 050 00 - LIBRARY OF CONGRESS CALL NUMBER |
| Classification number |
PR6023.E833 |
| Item number |
A6 2008 |
| 082 04 - DEWEY DECIMAL CLASSIFICATION NUMBER |
| Classification number |
823.914 LES |
| Edition number |
22 |
| 100 1# - MAIN ENTRY--PERSONAL NAME |
| Personal name |
Lessing, Doris, |
| Dates associated with a name |
1919-2013. |
| 245 10 - TITLE STATEMENT |
| Title |
Stories / |
| Statement of responsibility, etc. |
Doris Lessing ; with an introduction by Margaret Drabble. |
| 260 ## - PUBLICATION, DISTRIBUTION, ETC. |
| Place of publication, distribution, etc. |
New York : |
| Name of publisher, distributor, etc. |
Alfred A. Knopf, |
| Date of publication, distribution, etc. |
2008. |
| 300 ## - PHYSICAL DESCRIPTION |
| Extent |
xxxix, 655 p. ; |
| Dimensions |
21 cm. |
| 490 1# - SERIES STATEMENT |
| Series statement |
Everyman's library ; |
| Volume/sequential designation |
316 |
| 505 00 - FORMATTED CONTENTS NOTE |
| Title |
The habit of loving -- |
| -- |
The woman -- |
| -- |
Through the tunnel -- |
| -- |
Pleasure -- |
| -- |
The witness - |
| -- |
The day Stalin died -- |
| -- |
Wine -- |
| -- |
He -- |
| -- |
The eye of God in paradise -- |
| -- |
The other woman -- |
| -- |
One off the short list -- |
| -- |
A woman on a roof -- |
| -- |
How I finally lost my heart -- |
| -- |
A man and two women -- |
| -- |
A room -- |
| -- |
England versus England -- |
| -- |
Two potters -- |
| -- |
Between men -- |
| -- |
Our friend Judith -- |
| -- |
Each other -- |
| -- |
Homage for Isaac Babel -- |
| -- |
Outside the ministry -- |
| -- |
Dialogue -- |
| -- |
Notes for a case history -- |
| -- |
To room nineteen -- |
| -- |
An old woman and her cat -- |
| -- |
Side benefits of an honourable profession -- |
| -- |
A year in Regent's Park -- |
| -- |
Report on the threatened city -- |
| -- |
Mrs. Fortescue -- |
| -- |
An unposted love letter -- |
| -- |
Lions, leaves, roses -- |
| -- |
Not a very nice story -- |
| -- |
The other garden -- |
| -- |
The temptation of Jack Orkney. |
| 655 #7 - INDEX TERM--GENRE/FORM |
| Genre/form data or focus term |
Short stories. |
| Source of term |
gsafd |
| 830 #0 - SERIES ADDED ENTRY--UNIFORM TITLE |
| Uniform title |
Everyman's library (Alfred A. Knopf, Inc.) ; |
| Volume/sequential designation |
316. |
| 856 42 - ELECTRONIC LOCATION AND ACCESS |
| Materials specified |
Contributor biographical information |
| Uniform Resource Identifier |
<a href="http://www.loc.gov/catdir/enhancements/fy0906/2008276046-b.html">http://www.loc.gov/catdir/enhancements/fy0906/2008276046-b.html</a> |
| 856 42 - ELECTRONIC LOCATION AND ACCESS |
| Materials specified |
Publisher description |
| Uniform Resource Identifier |
<a href="http://www.loc.gov/catdir/enhancements/fy0906/2008276046-d.html">http://www.loc.gov/catdir/enhancements/fy0906/2008276046-d.html</a> |
| 856 41 - ELECTRONIC LOCATION AND ACCESS |
| Materials specified |
Sample text |
| Uniform Resource Identifier |
<a href="http://www.loc.gov/catdir/enhancements/fy0906/2008276046-s.html">http://www.loc.gov/catdir/enhancements/fy0906/2008276046-s.html</a> |
| 856 41 - ELECTRONIC LOCATION AND ACCESS |
| Materials specified |
Table of contents only |
| Uniform Resource Identifier |
<a href="http://www.loc.gov/catdir/enhancements/fy0906/2008276046-t.html">http://www.loc.gov/catdir/enhancements/fy0906/2008276046-t.html</a> |
| 906 ## - LOCAL DATA ELEMENT F, LDF (RLIN) |
| a |
7 |
| b |
cbc |
| c |
copycat |
| d |
2 |
| e |
ncip |
| f |
20 |
| g |
y-gencatlg |
| 942 ## - ADDED ENTRY ELEMENTS (KOHA) |
| Source of classification or shelving scheme |
|
| Koha item type |
Book |